Bài tập Tin học 12
Nội dung trình theo 2 phần gồm: phần 1 là tóm tắt lí thuyết, câu hỏi, bài tập và thực hành. Phần 2 là hướng dẫn trả lời, câu hỏi, bài tập và thực hành. Giúp các em so sánh với kết quả và rút ra kinh nghiệm....
Wedi'i Gadw mewn:
| Prif Awdur: | |
|---|---|
| Fformat: | Llyfr |
| Iaith: | Undetermined |
| Cyhoeddwyd: |
Hà Nội
Giáo dục
2008
|
| Pynciau: | |
| Tagiau: |
Ychwanegu Tag
Dim Tagiau, Byddwch y cyntaf i dagio'r cofnod hwn!
|
| Thư viện lưu trữ: | Trung tâm Học liệu Trường Đại học Cần Thơ |
|---|
| LEADER | 00961nam a2200217Ia 4500 | ||
|---|---|---|---|
| 001 | CTU_157769 | ||
| 008 | 210402s9999 xx 000 0 und d | ||
| 020 | |c 5900 | ||
| 082 | |a 005.076 | ||
| 082 | |b H104/L.12 | ||
| 100 | |a Hồ, Sĩ Hàm | ||
| 245 | 0 | |a Bài tập Tin học 12 | |
| 245 | 0 | |c Hồ Sĩ Đàm (Chủ biên) | |
| 260 | |a Hà Nội | ||
| 260 | |b Giáo dục | ||
| 260 | |c 2008 | ||
| 520 | |a Nội dung trình theo 2 phần gồm: phần 1 là tóm tắt lí thuyết, câu hỏi, bài tập và thực hành. Phần 2 là hướng dẫn trả lời, câu hỏi, bài tập và thực hành. Giúp các em so sánh với kết quả và rút ra kinh nghiệm. | ||
| 650 | |a Computers | ||
| 650 | |x Study and teaching (Secondary) | ||
| 904 | |i Mỹ Lệ (Bé Ba) Tuyến sửa số 005.0712 thành 005.076 | ||
| 980 | |a Trung tâm Học liệu Trường Đại học Cần Thơ | ||